Statistics for Eurovision Song Contest & Junior Eurovision Last Placers

Click here to take the quiz!

General Stats

  • This quiz has been taken 231 times
    (203 since last reset)
  • The average score is 24 of 31

Answer Stats

# of Last places in EurovisionCountries# of Last places in Junior Eurovision% Correct
3United Kingtdom0
93%
11Norway0
92%
4Spain0
89%
2Sweden0
88%
1France0
86%
2Ireland0
86%
3Portugal0
86%
0Poland2
84%
5Germany0
84%
9Finland0
80%
7Austria0
79%
1Italy0
79%
3Malta1
78%
4Netherlands0
78%
0Latvia2
78%
1Denmark0
78%
8Belgium0
78%
0Greece1
77%
5Switzerland0
76%
2Iceland0
74%
1Cyprus0
74%
0Romania1
73%
0Ukraine1
72%
1Lithuania0
72%
0Albania1
70%
0Bulgaria1
70%
3Turkey0
70%
0Macedonia2
69%
3Luxembourg0
66%
2Monaco0
60%
1Yugoslavia0
58%

Score Distribution

Percentile by Number Answered

Percent of People with Each Score

Your Score History

You have not taken this quiz since the last reset